Cuadernos de poesía hondureña 10 : antología /

Tallennettuna:
Bibliografiset tiedot
Päätekijä: Paz, Martín1901-1952
Muut tekijät: Ramírez Lozano, Livio, coordinador
Aineistotyyppi: Tuntematon
Kieli:Spanish
Julkaistu: Honduras Secretaria de Cultura, Dirección General de Cultura 1991-
Aiheet:
Tagit: Lisää tagi
Ei tageja, Lisää ensimmäinen tagi!

MARC

LEADER 000000000a22000000004500
001 002002
008 200109b xxu||||| |||| 00| 0 spa d
041 0 |a español 
082 |a Ho861.08   |b C961c 
100 1 |a Paz, Martín1901-1952 
245 1 0 |a Cuadernos de poesía hondureña 10 :  |b antología / 
260 1 |a Honduras   |b Secretaria de Cultura, Dirección General de Cultura   |c 1991- 
300 |a 10 volumenes 
500 |a Título tomado de la cubierta 
650 4 |a POESIA  |9 159 
700 1 |a Ramírez Lozano, Livio, coordinador 
942 |2 ddc  |c BK 
999 |c 2883  |d 2883